| 000 | 012240000a22003130004500 | ||
|---|---|---|---|
| 001 | 20656 | ||
| 003 | CO-MdFUSB | ||
| 005 | 20180622170017.0 | ||
| 008 | 160909b xxu||||| |||| 00| 0 eng d | ||
| 020 | _a978-0-8006-9734-1 | ||
| 040 |
_aCO-MdFUSB _bEspañol _cCO-MdFUSB _dCO-MdFUSB |
||
| 041 | _aeng | ||
| 082 |
_224 _aG 261.832 _bC776c |
||
| 100 | 1 |
_aCooper-White, Pamela _d1955- _eautor |
|
| 245 | 1 | 0 |
_aThe cry of Tamar : _bViolence against women and the church's response _c/ Pamela Cooper-White |
| 250 | _aSegunda edición | ||
| 264 |
_aMinneapolis, Minnesota : _bFortress Press, _c2012 |
||
| 300 | _a342 páginas | ||
| 336 |
_2rdacontent _a1 _ba1 |
||
| 337 |
_2rdamedia _a2 _b5 |
||
| 338 |
_2rdacarrier _a2 _b5 |
||
| 501 | _aRústico | ||
| 505 | 0 | 0 | _aLa violación de Tamar - El marco de la violencia contra las mujeres - Las formas de violencia contra la mujer - La respuesta de la iglesia - Reconciliación: Moviendo más allá del perdón individual a la justicia comunitaria |
| 650 | 0 |
_9326 _aMujeres _xAspectos religiosos _xCristianismo |
|
| 650 | 0 |
_9228 _aConsejería pastoral |
|
| 650 | 7 |
_956 _aIglesia _xTrabajo con las mujeres |
|
| 653 | _aViolencia -- Aspectos religiosos -- Cristianismo | ||
| 942 | _cBK | ||
| 999 |
_c47007 _d47007 |
||